00496nam a2200145 a 4500020001500000040000800015082002500023100002900048245007200077260012500149300002000274650001800294650002500312650001300337 a9062249922 cDLC a016 PUB1993 C146 Or.1 aHombergh, Heleen van den10aGender, environment, and development :ba guide to the literature / aUtrecht, The Netherlands :bPublished for the Institute for Development Research Amsterdam by International Books,c1993 a175 p. ;c22 cm 0aHuman ecology 0aWomen in development 0aSex role